Právní formy obchodních společností

Salvato in:
Dettagli Bibliografici
Autore principale: Stuna, Stanislav
Ente Autore: Vysoká škola ekonomická v Praze. Obchodní fakulta
Altri autori: Dědič, Jan, Kříž, Radim
Natura: Libro
Lingua:ceco
Pubblicazione: Praha Státní pedagogické nakladatelství 1990
Edizione:1. vyd.
Tags: Aggiungi Tag
Nessun Tag, puoi essere il primo ad aggiungerne!!

MARC

LEADER 00000nam a2200000 4500
001 c031643
005 20221215120418.9
041 0 |a cze 
044 |a CZ 
245 1 0 |a Právní formy obchodních společností  |c Stanislav Stuna, Jan Dědič, Radim Kříž 
250 |a 1. vyd. 
264 1 |a Praha  |b Státní pedagogické nakladatelství  |c 1990 
300 |a 110 s. 
100 1 |a Stuna, Stanislav 
700 1 |a Dědič, Jan 
700 1 |a Kříž, Radim 
710 2 |a Vysoká škola ekonomická v Praze. Obchodní fakulta